000 00542nam a2200217Ia 4500
003 OSt
005 20220924133823.0
006 a|||||r|||| 00| 0
007 ta
008 220923b |||||||| |||| 00| 0 snd d
024 _a269148
037 _cTextual
040 _aARTS
_cARTS
_bsnd
041 _2snd
_asnd
082 _aV2:51, 1593E1
100 _aBeg Kalichah
_9207470
245 0 _aGhulumi ain man mathi chadhu
260 _c1901
942 _hV2:51, 1593E1
_cTEXL
_2CC
999 _c435409
_d435409